Gaming Quiz

Random Gaming or Translation Quiz

Babelfish Videogames II Quiz Stats

 Plays Quiz Updated Oct 19, 2016

Challenge
Share
Tweet
Embed
Score 0/20 Timer 06:00
4 Plays Today
Translation Video Game % Correct
Religious Doctrine of the AssassinsAssassin's Creed
85.9%
Super Sphere of the MonkeySuper Monkey Ball
64.8%
The Turn of the Dance of the DanceDance Dance Revolution
52.1%
Quiet MountSilent Hill
50.6%
Digging which DigsDig Dug
50%
Vixen of the StarStar Fox
41.1%
Search for DragonDragon Quest
32.9%
Radioactive AshFallout
31.6%
Monkey EscapesApe Escape
26.1%
The Bubble Does BlunderBubble Bobble
25.4%
Translation Video Game % Correct
Caretaker of the DungeonDungeon Keeper
21.9%
PlanetoidAsteroids
19.6%
Monster Cattle BreederMonster Rancher
18.6%
Changed AnimalAltered Beast
18.3%
The Knife which BreaksBroken Sword
15.6%
Topic ParkTheme Park
14.4%
The ColonistsThe Settlers
14.1%
Pawl and Metallic Sound of Blow or ShockRatchet and Clank
10.3%
Large PopulationPopulous
8.2%
Together of Willy JetJet Set Willy
6.1%

You're not logged in!

Compare scores with friends on all Sporcle quizzes.
OR
Log In

You Might Also Like...

Show Comments

Extras

Top Quizzes Today


Score Distribution

Your Account Isn't Verified!

In order to create a playlist on Sporcle, you need to verify the email address you used during registration. Go to your Sporcle Settings to finish the process.

Report this User

Report this user for behavior that violates our Community Guidelines.

Details: